| 000 | 03999cam a2200373 a 4500 | ||
|---|---|---|---|
| 999 |
_c113248 _d113248 |
||
| 001 | 11767656 | ||
| 003 | OSt | ||
| 005 | 20200907144757.0 | ||
| 008 | 990727s1999 ne 001 0 eng | ||
| 010 | _a 99041132 | ||
| 020 | _a904111212X (hardcover : alk. paper) | ||
| 020 | _a904111243X (paperback) | ||
| 035 | _a(DLC) 99041132 | ||
| 040 |
_aDLC _cDLC _dDLC |
||
| 050 | 0 | 0 |
_aKZ7288 _b.I58 1999 |
| 082 | 0 | 0 |
_a341.7/7 _221 _bLEE |
| 245 | 0 | 4 |
_aThe International Criminal Court : _bThe making of the Rome Statute--issues, negotiations, results / _cedited by Roy S. Lee ; in cooperation with the Project on International Courts and Tribunals. |
| 260 |
_aThe Hague ; _aBoston : _bKluwer Law International, _cc1999. |
||
| 300 |
_axxxv, 657 p. ; _c24 cm. |
||
| 500 | _aAt head of title: UNITAR. | ||
| 500 | _aIncludes index. | ||
| 505 | _aTable of Contents FOREWORD PREFACE United Nations Secretary-General Kofi Annan ACKNOWLEDGEMENTS LIST OF CONTRIBUTORS •. KEY TERMS AND REFERENCES INTRODUCTION CHAPTER ONE CHAPTER TWO CHAPTER THREE CHAPTER FOUR CHAPTER FIVE CHAPTER SIX CHAPTER SEVEN CHAPTER EIGHT Section I. THE ROME CONFERENCE AND ITS CONTRIBUTIONS TO INTERNATIONAL LAW RoyS. Lee THE PRINCIPLE OF COMPLEMENTARITY John T. Holmes CRIMES WITHIN THE JURISDICTION OF THE COURT Herman von Hebel and Darryl Robinson JURISDICTION OF THE COURT Elizabeth Wilmshurst THE INTERNATIONAL CRIMINAL COURT AND THE SECURITY COUNCIL Lionel Yee COMPOSITION AND ADMINISTRATION OF THE COURT Medard R. Rwelamira THE ROLE OF THE INTERNATIONAL PROSECUTOR Silvia A. Fernandez de Gurmendi INTERNKI'IONAL CRIMINAL LAW PRINCIPLES Per Saland INTERNATIONAL CRIMINAL LAW PROCEDURES The Process of Negotiations Silvia A. Fernandez de Gurmendi vii ix ri xiii xxi 4I 79 127 143 !53 I75 I89 2I7 217 v INTERNATIONAL CRIMINAL COURT Section II. Investigation and Prosecution 227 Fabricio Guariglia Section III. The Trial Proceedings 238 Hans-J6rg Behrens Section IV, Rights of Persons Suspected or Accused of a Crime 247 Hlikan Friman Section V. Reparation to Victims 262 Christopher Muttukumaru Section VI. Protection of National Security Information 270 Donald K. Piragoff Section VII. Appeal and Revision 294 Helen Brady and Mark Jennings CHAPTER NINE INTERNATIONAL COOPERATION AND JUDICIAL ASSISTANCE 305 Phakiso Mochochoko CHAPTER TEN PENALTIES 3I9 Rolf Einar Fife CHAPTER ELEVEN ESTABLISHING AN ENFORCEMENT REGIME 345 Trevor Pascal Chimimba CHAPTER TWELVE GENDER ISSUES 357 Gate Steains CHAPTER THIRTEEN PARTICIPATION OF NON-GOVERNMENTAL ORGANIZATIONS 39I William Pace and Mark Thieroff CHAPTER FOURTEEN FINANCING OF THE COURT, ASSEMBLY OF STATES PARTIES AND THE PREPARATORY COMMISSION 399 CHAPTER FIFTEEN CHAPTER SIXTEEN CHAPTER SEVENTEEN EPILOGUE S. Rama Rao PREAMBLE AND FINAL CLAUSES Tuiloma Neroni Slade and RogerS. Clark THE DEVELOPMENT OF THE ROME STATUTE Philippe Kirsch, Q. C. THE INTERNATIONAL CRIMINAL COURT: A PERSPECTIVE Adriaan Bos LOOKING TO THE FUTURE GiovantJi Canso ROME STATUTE OF THE INTERNATIONAL CRIMINAL COURT RESOLUTION OF THE CONFERENCE VIEWS AND COMMENTS BY GOVERNMENTS SUBJECT INDEX vi 421 45I 463 47I 479 572 573 641 | ||
| 610 | 2 | 0 | _aInternational Criminal Court. |
| 630 | 0 | 0 |
_aRome Statute of the International Criminal Court _d(1998 July 17) |
| 650 | 0 | _aInternational criminal courts | |
| 651 | _2International Offences - Law & Legislation | ||
| 700 | 1 |
_aLee, Roy S. K., _d1938- |
|
| 710 | 2 | _aProject on International Courts and Tribunals. | |
| 710 | 2 | _aUnited Nations Institute for Training and Research. | |
| 730 | 0 | 2 |
_aRome Statute of the International Criminal Court _d(1998 July 17) |
| 906 |
_a7 _bcbc _corignew _d1 _eocip _f19 _gy-gencatlg |
||
| 942 |
_2ddc _cBK |
||